City Reader (Record no. 1224551)

MARC details
000 -LEADER
fixed length control field 00638nam a2200229Ia 4500
005 - DATE AND TIME OF LATEST TRANSACTION
control field 20241129104129.0
008 - FIXED-LENGTH DATA ELEMENTS--GENERAL INFORMATION
fixed length control field 241129s9999||||xx |||||||||||||| ||und||
020 ## - INTERNATIONAL STANDARD BOOK NUMBER
International Standard Book Number 9780367204792
037 ## - SOURCE OF ACQUISITION
Stock number Textual
040 ## - CATALOGING SOURCE
Original cataloging agency RTL
Language of cataloging eng
Transcribing agency RTL
041 ## - LANGUAGE CODE
Language code of text/sound track or separate title eng
Source of code eng
084 ## - COLON CLASSIFICATION NUMBER
Classification number U435 N6;R0
Assigning agency RTL
100 ## - MAIN ENTRY--PERSONAL NAME
Personal name Legates Richard T.; Stout Frederic
9 (RLIN) 724907
245 #0 - TITLE STATEMENT
Title City Reader
Statement of responsibility, etc. Legates Richard T.; Stout Frederic
250 ## - EDITION STATEMENT
Edition statement 7th
260 ## - PUBLICATION, DISTRIBUTION, ETC.
Place of publication, distribution, etc. New York
Name of publisher, distributor, etc. Routledge
Date of publication, distribution, etc. 2020
300 ## - PHYSICAL DESCRIPTION
Extent xx,743p.
365 ## - TRADE PRICE
Price type code INR
Price amount 5799.89
650 ## - SUBJECT ADDED ENTRY--TOPICAL TERM
Topical term or geographic name entry element Urban Studies
9 (RLIN) 724825
942 ## - ADDED ENTRY ELEMENTS (KOHA)
Koha item type Textbook
Classification part U435 N6;R0
Holdings
Withdrawn status Lost status Damaged status Not for loan Home library Current library Date acquired Source of acquisition Cost, normal purchase price Inventory number Total Checkouts Full call number Barcode Date last seen Price effective from Koha item type
        Ratan Tata Library Ratan Tata Library 2024-11-29 Classic Book Service 5799.89 157 & 03/02/2023   U435 N6;R0 RT1502487 2025-05-16 2024-11-29 Textbook
Copyright @ Delhi University Library System